Statistics for AS Monaco all-time top scorers

Click here to take the quiz!

General Stats

  • This quiz has been taken 7 times
  • The average score is 5 of 10

Answer Stats

GoalsNationalityPlayer% Correct
83ColombiaRadamel Falcao
100%
113FranceWissam Ben Yedder
67%
193Italy / ArgentinaDelio Onnis
50%
67FranceLudovic Giuly
50%
114FranceLucien Cossou
33%
67Democratic Republic of the CongoShabani Nonda
33%
67BrazilSonny Anderson
33%
77NigeriaVictor Ikpeba
33%
68FranceYouri Djorkaeff
33%
74FranceYvon Douis
33%

Score Distribution

Percentile by Number Answered

Percent of People with Each Score

Your Score History

You have not taken this quiz